000 00263nam a2200121Ia 4500
008 190216s9999||||xx |||||||||||||| ||und||
100 _aAgarwal An
245 0 _aEconomic Planning
260 _bViswanathan S.
300 _a422p
650 _aCommerce
942 _cBK
999 _c4191
_d4191